| 000 | 00733nam a22002537a 4500 | ||
|---|---|---|---|
| 003 | CHAP | ||
| 005 | 20220329135115.0 | ||
| 008 | 971013s r 00010 d | ||
| 010 | _a31030 | ||
| 011 | _a32002 | ||
| 035 | _a36114 | ||
| 040 | _cCHAP | ||
| 090 | _aR-1758 | ||
| 100 | 0 | 0 |
_aLobao, A. Cortez de. _967375 |
| 245 | _aAgricultura portuguesa e integraçao Europeia | ||
| 500 | _aSobretiro de: Economía 3(2):185-238, 1979. | ||
| 590 |
_aBATCH-UPD _b10 _c20130110 _lUCH01 _h1156 |
||
| 590 |
_aCONVERSION _b10 _c20130109 _lUCH01 _h1318 |
||
| 650 | 1 | 4 |
_aAgricultura _xEuropa _zEuropa. _9175388 |
| 650 | 1 | 4 |
_aPortugal _xAgricultura. _991017 |
| 901 | _aBK | ||
| 942 | _cREIMP | ||
| 949 |
_aR-1758 _bBC _cR _d-83270 _eTS1 _i36114 _mD _si |
||
| 999 |
_c31030 _d31030 |
||